Guess The Top Nba Players Of 2017-2018 Season - Statistics

General Stats
  • This quiz has been taken 281 times
  • The average score is 18 of 27
Answer Stats
Answer % Correct
23,cavs,best player in nba currently, Lebron James
100%
35,Snake,warriors, Kevin durant
98%
30,warriors,Position:PG, 3 point demi-god Stephen Curry
92%
Spurs,2,10/10 defense, Kawhi leonard
90%
13,Rockets,2/10 defense, James Harden
81%
Pelicans,23, Anthony Davis
78%
Wizards,2, John Wall
74%
11,Warriors,3 point god, Klay Thompson
74%
Nut kicker,23, Warriors Draymond Green
72%
3,Rockets, Chris Paul
70%
34,bucks,MVP canidate, Giannis Antetokounmpo
70%
32,timberwolves, Karl-Anthony Towns
69%
13,OKC, Paul George
69%
7,raptors, Kyle Lowry
64%
Jazz,27,Underrated in my opinion Rudy Gobert
64%
32,Clippers,King of posters Blake Griffin
63%
0, Pelicans Demarcus Cousins
60%
Grizzlies,33, Marc Gasol
59%
0,target of snake, Russel Westbrook
58%
21,Timberwolves,Afro, Jimmy Butler
57%
6,Clippers,Big man DeAndre Jordan
56%
11,Underrated,Grizzlies Mike Conley
54%
Nuggets,15,3 point Big man, Nikola Jokic
54%
11,Celtics,Might be a snake, 3 point shooter, MVP type player, On my favorite team Kyrie Irving
53%
20,Celtics Gordon Hayward
50%
0,Trial Blazers, Is there any other words? Damien lillard
29%
Nuggets,4,Key player Paul Milsap
22%
No matching quizzes found
Score Distribution
Percent of People with Each Score
Percentile by Number Answered
Your Score History
You have not taken this quiz